| 000 | 00812cam a22002651 4500 | ||
|---|---|---|---|
| 999 |
_c5647 _d5647 |
||
| 001 | 7970927 | ||
| 003 | OSt | ||
| 005 | 20190108163816.0 | ||
| 008 | 720814s1962 xx 000 0 eng | ||
| 010 | _a 62017861 | ||
| 035 | _a(OCoLC)381814 | ||
| 040 |
_aDLC _cODaWU _dTCollA _dDLC |
||
| 042 | _apremarc | ||
| 050 | 0 | 0 |
_aBS635.2 _b.K4 1962 |
| 082 |
_a220.9 _bK44s |
||
| 100 | 1 |
_aKeyes, Nelson Beecher, _d1894- |
|
| 245 | 1 | 0 | _aReader's digest story of the Bible world, in map, word and picture. |
| 260 |
_aPleasantville, N.Y., _bReader's Digest Association _c[1962] |
||
| 300 | _a208 p. | ||
| 630 | 0 | 0 |
_aBible _xHistory of Biblical events. |
| 630 | 0 | 0 |
_aBible _xHistory of contemporary events. |
| 740 | 0 | _aStory of the Bible world. | |
| 906 |
_a7 _bcbc _coclcrpl _du _encip _f19 _gy-gencatlg |
||
| 942 |
_2ddc _cBK |
||